000 00645nam a2200241Ia 4500
003 OSt
005 20220918181637.0
006 a|||||r|||| 00| 0
007 ta
008 220917b |||||||| |||| 00| 0 eng d
024 _a27,927
037 _cTextual
040 _aARTS
_cARTS
_beng
041 _2eng
_aeng
082 _aO111,2J64:g, L7
100 _aSpeaight R
_958973
245 0 _aShakespeare
_b The man and his achiivement
260 _aN York
_bStein and Day
_c1977
300 _a384p.
_ccm.
650 _aENGLISH DRAMA
_928961
942 _hO111,2J64:g, L7
_cTEXL
_2CC
999 _c166333
_d166333